[Event "SVK-ch U12"]
[Site "Stara Lubovna"]
[Date "2014.04.05"]
[Round "1"]
[White "Taragel, Marian"]
[Black "Rusnak, Daniel"]
[Result "1-0"]
[WhiteElo "1247"]
[BlackElo "1000"]
[PlyCount "45"]
[EventDate "2014.04.05"]
[EventType "swiss"]
[EventRounds "9"]
[EventCountry "SVK"]
[SourceTitle "EXT 2016"]
[Source "ChessBase"]
[SourceDate "2015.10.08"]
[SourceVersion "1"]
[SourceVersionDate "2015.10.08"]
[SourceQuality "1"]

1. e4 e5 2. Nf3 Nc6 3. Bc4 Bc5 4. c3 Nf6 5. d4 exd4 6. cxd4 Bb4+ 7. Bd2 Nxe4 8. Qe2 d5 9. Bd3 Nxd4 10. Qe3 Bg4 11. Bxe4 dxe4 12. Qxe4+ Be7 13. Nxd4 c5 14. Qxg4 Qxd4 15. Qxd4 cxd4 16. Bf4 g5 17. Be5 Rc8 18. Nd2 f6 19. Bxd4 b6 20. Ke2 Rc2 21. Rac1 Rxc1 22. Rxc1 Kf7 23. Rc7 1-0